The Promised Neverland Personnages - Statistiques

Statistiques générales
  • Ce quiz a été pris 31 fois
  • Le résultat moyen est 25 sur 134
Statistiques - réponses
Indice Réponse % Correct
Enfant aux cheuveux roux Emma
100%
Enfant aux cheuveux blancs Norman
100%
Enfant aux cheuveux noirs Ray
100%
Enfant évadée de Grace Field Gilda
82%
Enfant resté à Grace Field Phil
73%
Enfant évadé de Grace Field Don
68%
Enfant livrée aux démons Conny
64%
Maman de Grace Field Isabella
64%
Sœur de Grace Field Krone
64%
Démone non mangeuse d'Homme Mujika
64%
Démon non mangeur d'Homme Sonju
59%
Fugitif de Glory Bell au point B06-32 Yugo
59%
Enfant restée à Grace Field Carol
55%
35ème chef du clan Ratri James Ratri / William Minerva
55%
Fugitif de Glory Bell à Goldy Pond Lucas
55%
Fugitif de Lambda 7214 Zazie
50%
36ème chef du clan Ratri Peter Ratri
45%
Fugitive de Lambda 7214 Barbara
41%
Enfant évadé de Grace Field Lannion
41%
Démon de Goldy Pond Leuvis
41%
Enfant évadé de Grace Field Thoma
41%
Enfant évadé de Grace Field Nat
36%
Fugitif de Lambda 7214 Vincent
36%
Enfant de Grand Valley à Goldy Pond Nigel
32%
Démone de Goldy Pond Nouma
32%
Enfant de Grand Valley à Goldy Pond Oliver
32%
Enfant de Grand Valley à Goldy Pond Sandy
32%
Enfant de Lambda 7214 à Goldy Pond Adam
27%
Enfant évadée de Grace Field Anna
27%
Enfant évadé de Grace Field Chris / Christy
27%
Enfant de Grand Valley à Goldy Pond Gillian
27%
Reine des démons Legravalima
27%
Démon de Goldy Pond Nouth / Nous
27%
Enfant de Grand Valley à Goldy Pond Zack
27%
Allié du clan Ratri Andrew
23%
Enfant élevée par un démon Ayshee / Ayshe
23%
Enfant de Grand Valley à Goldy Pond Pepe
23%
Enfant de Grand Valley à Goldy Pond Sonya
23%
Enfant resté à Grace Field Tom
23%
Enfant évadée de Grace Field Alicia
18%
Fugitive de Glory Bell tuée à Goldy Pond Dina
18%
Représentant de l'une des cinq familles régentes Duc Yverk
18%
Enfant livré aux démons Hao
18%
Fugitif de Lambda 7214 Hayato
18%
Enfant évadée de Grace Field Jemima
18%
Démon de Goldy Pond Lord Bayon
18%
Représentant de l'une des cinq familles régentes Lord Pupo
18%
Démon de Goldy Pond Luce
18%
Mère-Grand de Grace Field Sarah
18%
Enfant de Grand Valley à Goldy Pond Theo
18%
Enfant de Grand Valley à Goldy Pond Violet
18%
Fugitif de Lambda 7214 Cislo
14%
Enfant resté à Grace Field Damdin
14%
Enfant évadé de Grace Field Dominic
14%
Chef d'un clan de démons aristocrates déchus Geelan
14%
Fugitif de Lambda 7214 Jin
14%
1er chef du clan Ratri Julius Ratri
14%
Représentant de l'une des cinq familles régentes Lord Dozza
14%
Enfant évadé de Grace Field Mark
14%
Enfant resté à Grace Field | Fugitif de Glory Bell tué à Goldy Pond Mike
14%
Chef par intérim du clan Ratri Mike Ratri
14%
Enfant de Grand Valley à Goldy Pond Paula
14%
Enfant évadé de Grace Field Rossi
14%
Enfant livrée aux démons Sadie
14%
Enfant d'un autre site de Grace Field Simon
14%
Enfant resté à Grace Field Chamberlain
9%
Enfant resté à Grace Field Eugen / Eugene
9%
Enfant resté à Grace Field Hans
9%
Enfant de Grand Valley tué à Goldy Pond Jake
9%
Représentante de l'une des cinq familles régentes Lady Noum
9%
Enfant livré aux démons Leslie
9%
Ancien représentant de l'une des cinq familles régentes Lord Noum
9%
Enfant restée à Grace Field Manya / Marnya
9%
Enfant de Grand Valley tuée à Goldy Pond Monica
9%
Enfant restée à Grace Field Nayra / Naila
9%
Fugitif de Glory Bell tué à Goldy Pond Nicolas
9%
Enfant restée à Grace Field Nina
9%
Animal d'un démon de Goldy Pond Palvus
9%
Allié des fugitifs des fermes à Lambda 7214 Smee
9%
Enfant évadée de Grace Field Yvette
9%
Vieille homme Alex Mikhaylov
5%
Enfant livré aux démons Eric
5%
Fugitive de Glory Bell tuée à Goldy Pond Erica
5%
Enfant d'un autre site de Grace Field Jackie
5%
Enfant resté à Grace Field Jasper
5%
Autre sœur de Grace Field Jessica
5%
Fugitif de Glory Bell tué à Goldy Pond John
5%
Représentant de l'une des cinq familles régentes Lord Bayon II
5%
Enfant de Grand Valley à Goldy Pond Lucy
5%
Dieu des démons Lui / Him
5%
Enfant livré aux démons Marcus
5%
Enfant de Grand Valley à Goldy Pond Mary
5%
Autre sœur de Grace Field Mathilda / Matilda
5%
Enfant de Grand Valley à Goldy Pond Mikel / Michael
5%
Chouette Samuel
5%
Autre sœur de Grace Field Scarlett / Scarlet
5%
Autre sœur de Grace Field Shana / Sienna
5%
Enfant restée à Grace Field Shelley / Sherry
5%
Enfant livrée aux démons Susan
5%
Enfant restée à Grace Field Vivian
5%
Maman d'un autre site de Grace Field Yukko
5%
Enfant livrée aux démons Abby
0%
Fugitive de Glory Bell tuée à Goldy Pond Anny
0%
Enfant démon Awla
0%
Chouette Betty
0%
Démon de Grace Field Boss Démon de Grace Field
0%
Enfant resté à Grace Field Charlie
0%
Enfant livré aux démons Chucky
0%
Enfant livrée aux démons Cindy
0%
Enfant restée à Grace Field Dalia
0%
Enfant de Grand Valley à Goldy Pond Elliot
0%
Enfant de Grand Valley tuée à Goldy Pond Emilia
0%
Enfant de Grand Valley à Goldy Pond Fred
0%
Vieux démon Grand Prêtre
0%
Enfant livré aux démons Grant
0%
Enfant livrée aux démons Hana
0%
Enfant d'un autre site de Grace Field Helen
0%
Enfant livrée aux démons Helena
0%
Enfant livré aux démons Jimmy
0%
Enfant de Grand Valley à Goldy Pond Johnny
0%
Enfant livrée aux démons Kate
0%
Femme d'un représentant de l'une des cinq familles régentes Lady Bayon
0%
Enfant de Grand Valley tuée à Goldy Pond Lala
0%
Enfant livré aux démons Mack
0%
Enfant de Grand Valley à Goldy Pond Malcom / Malcolm
0%
Fugitive de Glory Bell tuée à Goldy Pond Maria
0%
Enfant démon Mawla
0%
Enfant livrée aux démons Michelle
0%
Enfant restée à Grace Field Milosz / Milly
0%
Enfant livrée aux démons Olivia
0%
Chouette Oscar
0%
Enfant livré aux démons Robert
0%
Chouette Suzie
0%
Aucun quiz correspondant
Distribution des résultats
% des personnes avec chaque résultat
Percentile par nombre de réponses
Votre historique - résultats
Vous n’avez pas pris ce quiz